004580000a220014500045000410008000000820018000081000035000262450098000612600049001593000011002080010005002193360027002243370033002513380028002840 aENG04aG 280.4 F269o1 aFauth, Robert T. (1916–1995)10aOur common protestant heritage : A course for older young people and adults / Robert T. Fauth aPhiladelphia, PA., USA : Christian Education a92 Pag8633 atextobtxt2rdacontent 2rdamediaasin mediaciónbn 2rdacarrieravolumenbnc